Normal view
MARC view
- Hafeez, Bushra
Entry Personal Name
001 - CONTROL NUMBER
- control field: 120366
003 - CONTROL NUMBER IDENTIFIER
- control field: NUST
005 - DATE AND TIME OF LATEST TRANSACTION
- control field: 20240214102254.0
008 - FIXED-LENGTH DATA ELEMENTS
- fixed length control field: 240214|| aca||aabn | a|a d
040 ## - CATALOGING SOURCE
- Original cataloging agency: NUST
- Transcribing agency: NUST
100 ## - HEADING--PERSONAL NAME
- Personal name: Hafeez, Bushra
670 ## - SOURCE DATA FOUND
- Source citation: Work cat.: (NUST): Hafeez, Bushra, Robust Indirect Vector Control of Induction Motor Fed by Voltage Source Inverter for Multi-Source Electric Vehicle/
